000 00604cam a2200229 4500
001 1237824
005 20180820035313.0
008 720418s1972 paua b 001 0 eng
010 _a 70161414
020 _a0397472188
040 _aDLC
_cDLC
_dDLC
_dOCoLC
041 _aeng
080 _a327.08
082 0 0 _a327.08
100 1 _a19
101 _aPOL
245 1 0 _aPolitics and the international system,
_cedited by Robert L. Pfaltzgraff, Jr.
350 _a$6.50
504 _aIncludes bibliographical references.
906 _a7
_bcbc
_corignew
_d2
_encip
_f19
_gy-gencatlg
942 _2ddc
_cBK
999 _c47219
_d47219